00327nam a2200121 a 450000100030000000300050000300500170000800800410002504000200006610000350008624500640012126000200018546CDMR20130116135149.0130130s1969||||||||||||||||||||||||||||d aCDMRbcatcCDMR1 aCamps Cardona, María Dolores10a1960, independencia de Africa...cMª Dolores Camps Cardona aBarcelonac1969